Artistes belges les plus écoutés sur Spotify - Statistiques

Statistiques générales
  • Ce quiz a été pris 343 fois
    102 depuis la dernière actualisation
  • Le résultat moyen est 4 sur 20
Statistiques - réponses
Nb d'auditeurs par mois Artiste % Correct
4 765 000 Angèle
93%
16 735 000 Stromae
81%
6 330 000 Damso
80%
6 955 000 Hamza
43%
1 610 000 Héléna
20%
1 295 000 Axelle Red
18%
1 330 000 Lara Fabian
18%
26 205 000 Lost Frequencies
11%
1 900 000 Pommelien Thijs
11%
17 605 000 Gotye
9%
14 770 000 Dimitri Vegas & Like Mike
6%
9 995 000 DYSTINCT
3%
1 570 000 Milow
3%
1 845 000 Kate Ryan
2%
2 480 000 2 Unlimited
1%
1 990 000 Charlotte de Witte
1%
1 620 000 Lasgo
1%
1 950 000 Netsky
1%
1 895 000 Paradisio
1%
4 105 000 Technotronic
1%
Aucun quiz correspondant
Distribution des résultats
% des personnes avec chaque résultat
Percentile par nombre de réponses
Votre historique - résultats
Vous n’avez pas pris ce quiz depuis la dernière actualisation